000 00277nam a2200097Ia 4500
008 230206s9999 xx 000 0 und d
041 _aeng
100 _aMurthy E N, Ed.
_9119275
245 _aThe IUP Journal of International Relations
260 _c2011
_bIUP Publications
_aHyderabad
999 _c97727
_d97727